00500 2200181 4500001002100000005001500021008004100036020002200077035001900099041000700118082001200125090001800137100004200155245003900197260003400236300001900270650002900289INLIS00000000001593120241224115028241224||||||||| | ||| |||| || |  a978-979-29-0647-9 0010-1224015931 aid0 a621.381 a621.381 WID e0 awidodo budiharto dan sigit firmansyah00aelektonika digital + mikroprosesor aYogyakartabAndi Offsetc2010 a336hlm;16x23cm 0aIlmu Teknik (Enjiniring)